Lòng yêu nước trong văn học dân gian Việt Nam
Spremljeno u:
| Glavni autor: | |
|---|---|
| Format: | Knjiga |
| Jezik: | Vietnamese |
| Izdano: |
H.
Lao động
2011
|
| Serija: | ĐTTS ghi: Hội văn nghệ dân gian Việt Nam
|
| Oznake: |
Dodaj oznaku
Bez oznaka, Budi prvi tko označuje ovaj zapis!
|
| Thư viện lưu trữ: | Mạng thư viện Đại học Đà Nẵng |
|---|
| LEADER | 00957nam a2200277 4500 | ||
|---|---|---|---|
| 001 | 000016203 | ||
| 003 | 12601 | ||
| 005 | 20120726160726.0 | ||
| 008 | 120726s2011 viesd | ||
| 041 | 0 | |a vie | |
| 082 | |a 398.209597 |b NG-D | ||
| 100 | 0 | |a Nguyễn Nghĩa Dân | |
| 245 | 0 | |a Lòng yêu nước trong văn học dân gian Việt Nam |c Nguyễn Nghĩa Dân | |
| 260 | |a H. |b Lao động |c 2011 | ||
| 300 | |a 374 tr. |c 21 cm. | ||
| 490 | |a ĐTTS ghi: Hội văn nghệ dân gian Việt Nam | ||
| OWN | |a LSP | ||
| AVA | |a UDN50 |b LSP |d 398.209597 NG-D |e available |t Error 5001 Not defined in file expand_doc_bib_avail. |f 1 |g 0 |h N |i 0 |k 1 | ||
| 999 | |a From the UDN01 | ||
| AVA | |a UDN50 |b LSP |d 398.209597 NG-D |e available |t Error 5001 Not defined in file expand_doc_bib_avail. |f 1 |g 0 |h N |i 0 |k 1 | ||
| TYP | |a Monograph | ||
| TYP | |a Printed language | ||
| 980 | |a Mạng thư viện Đại học Đà Nẵng | ||